Argentina Football Team World Cup Starting XI - Statistics

General Stats
  • This quiz has been taken 6,376 times
    5,447 since last reset
  • The average score is 31 of 126
Answer Stats
Player % Correct
Lionel Messi
99%
Emiliano Martínez
97%
Ángel Di María
93%
Diego Maradona
86%
Cristian Romero
83%
Sergio Romero
83%
Julián Álvarez
81%
Nicolás Otamendi
81%
Enzo Fernández
77%
Gonzalo Higuaín
77%
Alexis Mac Allister
75%
Sergio Agüero
75%
Rodrigo De Paul
74%
Oscar Más
69%
Javier Mascherano
68%
Nahuel Molina
63%
Marcos Acuña
61%
Gabriel Batistuta
57%
Nicolás Tagliafico
57%
Carlos Tévez
53%
Hernán Crespo
53%
Javier Zanetti
51%
Juan Román Riquelme
48%
Juan Sebastián Verón
48%
Francisco Sá
47%
Marcos Rojo
46%
Mario Kempes
44%
Martín Demichelis
44%
Pablo Zabaleta
42%
Franco Armani
41%
Maxi Rodríguez
41%
Ezequiel Lavezzi
40%
Esteban Cambiasso
39%
Gabriel Heinze
34%
Lucas Biglia
33%
Walter Samuel
32%
Éver Banega
31%
Daniel Passarella
30%
Roberto Ayala
30%
Rubén Ayala
30%
Diego Simeone
29%
Enzo Pérez
29%
Ezequiel Garay
29%
Claudio López
26%
Javier Saviola
26%
Claudio Caniggia
25%
Gabriel Mercado
25%
Jorge Burruchaga
23%
Juan Pablo Sorín
23%
Ariel Ortega
22%
Roberto Abbondanzieri
22%
Fernando Redondo
20%
Jorge Valdano
20%
Oscar Ruggeri
19%
Alberto González
18%
Sergio Goycochea
18%
José Luis Brown
16%
Ubaldo Fillol
16%
Nery Pumpido
15%
Nicolás Burdisso
15%
Carlos Roa
14%
Mauricio Pochettino
12%
Abel Balbo
11%
Osvaldo Ardiles
11%
Roberto Sensini
11%
Sergio Batista
11%
Matias Almeyda
10%
Pablo Cavallero
10%
Héctor Enrique
9%
José Chamot
9%
Julio Olarticoechea
9%
Leopoldo Luque
9%
Alberto Tarantini
8%
Daniel Bertoni
8%
Luis Islas
8%
Américo Gallego
7%
Antonio Rattín
7%
Diego Placente
7%
José Luis Cuciuffo
7%
Osvaldo Cruz
7%
Ricardo Giusti
7%
Antonio Roma
6%
Fernando Cáceres
6%
Jorge Olguín
6%
Jorge Solari
6%
Pedro Troglio
6%
René Houseman
6%
Amadeo Carrizo
5%
José Basualdo
5%
Juan Simón
5%
Luis Galván
5%
Oscar Alberto Ortiz
5%
Roberto Perfumo
5%
Ángel Labruna
4%
Gabriel Calderón
4%
José Serrizuela
4%
Silvio Marzolini
4%
Enrique Wolff
3%
Ermindo Onega
3%
José Sanfilippo
3%
Luis Artime
3%
Néstor Rossi
3%
Oreste Corbatta
3%
Carlos Babington
2%
Daniel Carnevali
2%
Ramón Heredia
2%
Agustín Balbuena
1%
Federico Sacchi
1%
Federico Vairo
1%
Héctor Facundo
1%
José Varacka
1%
Juan Carlos Oleniak
1%
Juan Francisco Lombardo
1%
Ludovico Avio
1%
Marcelo Pagani
1%
Norberto Menéndez
1%
Pedro Dellacha
1%
Rafael Albrecht
1%
Raúl Belén
1%
Raúl Páez
1%
Roberto Ferreiro
1%
Roberto Telch
1%
Rubén Navarro
1%
Vladislao Cap
1%
No matching quizzes found
Score Distribution
Percent of People with Each Score
Percentile by Number Answered
Your Score History
You have not taken this quiz since the last reset